Most Popular NoCopyrightSounds songs - Statistics

General Stats
  • This quiz has been taken 134 times
  • The average score is 16 of 20
Answer Stats
Artist Song % Correct
Alan Walker Fade
98%
Different Heaven & EH!DE My Heart
89%
Disfigure Blank
88%
Alan Walker Spectre
87%
DEAF KEV Invincible
85%
Electro-Light Symbolism
84%
Ahrix Nova
82%
Spektrem Shine
82%
Alan Walker Force
81%
Desmeon Hellcat
81%
Itro and Tobu Cloud 9
80%
Tobu Hope
80%
Cartoon On and On
77%
Ship Wrek and Zookeepers Ark
73%
Cartoon Why We Lose
73%
Different Heaven Nekozilla
72%
Tobu Candyland
71%
Jim Yosef Firefly
71%
Tobu Infectious
70%
Itro and Tobu Sunburst
68%
No matching quizzes found
Score Distribution
Percent of People with Each Score
Percentile by Number Answered
Your Score History
You have not taken this quiz